[Event "Velez Rapid op 10th"]
[Site "Velez Santander"]
[Date "2023.11.06"]
[Round "4"]
[White "Herize Godoy, Miguel Andres"]
[Black "Sanchez Soba, Omar Jose"]
[Result "1/2-1/2"]
[WhiteElo "1861"]
[BlackElo "1386"]
[PlyCount "37"]
[EventDate "2023.11.06"]
[EventType "swiss (rapid)"]
[EventRounds "10"]
[EventCountry "COL"]
[SourceTitle "Mega2024 Update 01"]
[Source "Chessbase"]
[SourceDate "2023.11.12"]
[SourceVersion "1"]
[SourceVersionDate "2023.11.12"]
[SourceQuality "1"]

1. e4 c5 2. Nf3 d6 3. d4 cxd4 4. Nxd4 Nf6 5. Nc3 g6 6. Be2 Bg7 7. Be3 Nc6 8. Nb3 0-0 9. f4 Bd7 10. g4 Qc8 11. h3 a5 12. a4 Nb4 13. 0-0 Bc6 14. Bf3 Rd8 15. g5 Qxh3 16. gxf6 Qg3+ 17. Kh1 Qh3+ 18. Kg1 Qg2+ 19. Bxg2 1/2-1/2

[Event "Velez op 10th"]
[Site "Velez Santander"]
[Date "2023.11.01"]
[Round "2"]
[White "Herize Godoy, Miguel Andres"]
[Black "Florez, Nestor Enrique"]
[Result "1-0"]
[WhiteElo "1861"]
[BlackElo "1366"]
[PlyCount "73"]
[EventDate "2023.11.01"]
[EventType "swiss"]
[EventRounds "10"]
[EventCountry "COL"]
[SourceTitle "Mega2024 Update 01"]
[Source "Chessbase"]
[SourceDate "2023.11.12"]
[SourceVersion "1"]
[SourceVersionDate "2023.11.12"]
[SourceQuality "1"]

1. e4 e5 2. Nf3 Nc6 3. Bb5 a6 4. Ba4 Nf6 5. d3 b5 6. Bb3 Be7 7. a4 b4 8. Nbd2 d6 9. c3 0-0 10. 0-0 Rb8 11. d4 bxc3 12. bxc3 Bg4 13. d5 Na5 14. Bc2 c6 15. h3 Bd7 16. c4 cxd5 17. cxd5 Nb7 18. Ba3 Qb6 19. Nxe5 Rfe8 20. Nec4 Qa7 21. Kh2 Nc5 22. f4 Bf8 23. Qf3 Qc7 24. Rfc1 g6 25. Bb2 Bg7 26. Bc3 Bc8 27. Ba5 Qe7 28. Re1 Nfd7 29. Ra3 Rb7 30. Rae3 Qf8 31. Kh1 Bd4 32. R3e2 Nf6 33. e5 dxe5 34. fxe5 Nfd7 35. Qf4 Bb2 36. Nf3 f6 37. e6 1-0

[Event "Pereira op"]
[Site "Pereira"]
[Date "2023.09.24"]
[Round "5"]
[White "Herize Godoy, Miguel Andres"]
[Black "Garcia Ibarra, Oscar Javier"]
[Result "1/2-1/2"]
[WhiteElo "1891"]
[BlackElo "1832"]
[PlyCount "31"]
[EventDate "2023.09.23"]
[EventType "swiss"]
[EventRounds "6"]
[EventCountry "COL"]
[SourceTitle "EXT 2024"]
[Source "ChessBase"]
[SourceDate "2023.10.10"]
[SourceVersion "1"]
[SourceVersionDate "2023.10.10"]
[SourceQuality "1"]

1. e4 e5 2. Nf3 Nf6 3. Nxe5 d6 4. Nf3 Nxe4 5. Nc3 Nxc3 6. dxc3 Be7 7. Qd4 Bf6 8. Qf4 0-0 9. Be3 Nc6 10. 0-0-0 Ne5 11. h4 Bg4 12. Be2 Qc8 13. Nd4 Bxe2 14. Nxe2 Qg4 15. f3 Qxf4 16. Nxf4 1/2-1/2

[Event "Medellin Flores op 30th"]
[Site "Medellin"]
[Date "2023.08.03"]
[Round "1"]
[White "Herize Godoy, Miguel Andres"]
[Black "Zapata Sanchez, Juan Jose"]
[Result "1/2-1/2"]
[WhiteElo "1991"]
[BlackElo "1428"]
[PlyCount "46"]
[EventDate "2023.08.03"]
[EventType "swiss"]
[EventRounds "9"]
[EventCountry "COL"]
[SourceTitle "EXT 2024"]
[Source "ChessBase"]
[SourceDate "2023.10.10"]
[SourceVersion "1"]
[SourceVersionDate "2023.10.10"]
[SourceQuality "1"]

1. d4 c6 2. Nf3 d5 3. e3 Bf5 4. Bd3 Bg6 5. b3 Nf6 6. 0-0 e6 7. c4 Bd6 8. Ba3 0-0 9. Ne5 Bxa3 10. Nxa3 Nbd7 11. f4 Nxe5 12. fxe5 Ne4 13. Bxe4 Bxe4 14. Qd2 Qg5 15. Rf4 f6 16. cxd5 exd5 17. exf6 Rxf6 18. Nb1 Raf8 19. g3 Bxb1 20. Rxb1 Qg6 21. Re1 Re8 22. Qf2 Rfe6 23. Rf5 Re4 1/2-1/2

[Event "Bogota El Tablazo Blitz op"]
[Site "Bogota"]
[Date "2021.11.07"]
[Round "3"]
[White "Herize Godoy, Miguel Andres"]
[Black "Gutierrez Herrera, Jose Antonio"]
[Result "1-0"]
[WhiteElo "1849"]
[BlackElo "2063"]
[PlyCount "75"]
[EventDate "2021.11.07"]
[EventType "swiss"]
[EventRounds "14"]
[EventCountry "COL"]
[SourceTitle "CBM 205 Extra"]
[Source "ChessBase"]
[SourceDate "2022.01.31"]
[SourceVersion "1"]
[SourceVersionDate "2022.01.31"]
[SourceQuality "1"]

1. e4 c5 2. Nf3 g6 3. d4 Bg7 4. dxc5 Qa5+ 5. c3 Qxc5 6. Bd3 d6 7. 0-0 Nf6 8. Be3 Qc7 9. h3 Nc6 10. Na3 0-0 11. Nb5 Qb8 12. Qe2 a6 13. Nbd4 Bd7 14. Rad1 Qc7 15. Rc1 Rfd8 16. c4 Nxd4 17. Bxd4 Rac8 18. Qe3 Re8 19. Rfd1 Bc6 20. Bb6 Qb8 21. Nd4 Nd7 22. Nxc6 bxc6 23. Bd4 e5 24. Bc3 Nc5 25. Bc2 Ne6 26. Ba4 Bf6 27. Rc2 Bg5 28. Qf3 Red8 29. Re2 c5 30. Qg4 Bh6 31. b3 Nd4 32. Bxd4 cxd4 33. g3 Qb4 34. Rd3 Rc5 35. f4 Qa3 36. Kg2 Bg7 37. Rf3 Rf8 38. Ref2 1-0

[Event "Manizales Las Americas op-B"]
[Site "Manizales"]
[Date "2021.10.17"]
[Round "7"]
[White "Lopez Ramirez, Jorge Hernan"]
[Black "Herize Godoy, Miguel Andres"]
[Result "1/2-1/2"]
[WhiteElo "1903"]
[BlackElo "1991"]
[PlyCount "34"]
[EventDate "2021.10.14"]
[EventType "swiss"]
[EventRounds "9"]
[EventCountry "COL"]
[SourceTitle "EXT 2023"]
[Source "ChessBase"]
[SourceDate "2022.10.05"]
[SourceVersion "1"]
[SourceVersionDate "2022.10.05"]
[SourceQuality "1"]

1. e4 c5 2. c3 d5 3. exd5 Qxd5 4. d4 Bf5 5. Nf3 Nc6 6. Be3 Bxb1 7. Qxb1 cxd4 8. Nxd4 Nxd4 9. Bxd4 e5 10. Be3 Nf6 11. Qc2 a6 12. Be2 Be7 13. 0-0 0-0 14. Rfd1 Qe6 15. b3 Rac8 16. Bd3 e4 17. Bc4 Qc6 1/2-1/2

[Event "Manizales Las Americas op-B"]
[Site "Manizales"]
[Date "2021.10.16"]
[Round "4"]
[White "Herize Godoy, Miguel Andres"]
[Black "Ocampo, Cristian David"]
[Result "1-0"]
[WhiteElo "1991"]
[BlackElo "1842"]
[PlyCount "63"]
[EventDate "2021.10.14"]
[EventType "swiss"]
[EventRounds "9"]
[EventCountry "COL"]
[SourceTitle "EXT 2023"]
[Source "ChessBase"]
[SourceDate "2022.10.05"]
[SourceVersion "1"]
[SourceVersionDate "2022.10.05"]
[SourceQuality "1"]

1. e4 c5 2. Nf3 Nc6 3. d4 cxd4 4. Nxd4 Nf6 5. Nc3 d6 6. Bg5 e6 7. Be2 a6 8. a4 Bd7 9. 0-0 Be7 10. Be3 Qc7 11. Nb3 Rc8 12. a5 Ne5 13. Bb6 Qb8 14. Nd2 d5 15. f4 Nc4 16. Nxc4 dxc4 17. e5 Ng8 18. Qd4 Nh6 19. f5 Nxf5 20. Rxf5 exf5 21. e6 Bxe6 22. Qxg7 Rf8 23. Rd1 Bc5+ 24. Kh1 Bxb6 25. axb6 Rd8 26. Re1 Qd6 27. Bf3 Qxb6 28. Nd5 Rxd5 29. Bxd5 Qd6 30. Bxb7 Qb4 31. Rxe6+ fxe6 32. Bc6+ 1-0

[Event "Valera FVA 82nd Anniv"]
[Site "Valera"]
[Date "2017.12.15"]
[Round "6"]
[White "Bobadilla Viera, Jorge Samuel"]
[Black "Herize Godoy, Miguel Andres"]
[Result "1-0"]
[WhiteElo "2299"]
[BlackElo "1996"]
[PlyCount "46"]
[EventDate "2017.12.13"]
[EventType "swiss"]
[EventRounds "7"]
[EventCountry "VEN"]
[SourceTitle "CBM 182 Extra"]
[Source "ChessBase"]
[SourceDate "2018.02.23"]
[SourceVersion "1"]
[SourceVersionDate "2018.02.23"]
[SourceQuality "1"]

1. e4 c5 2. Nf3 a6 3. c4 e6 4. Nc3 Qc7 5. g3 b6 6. Bg2 Bb7 7. 0-0 d6 8. Re1 Nd7 9. d4 cxd4 10. Nxd4 Ngf6 11. g4 Ne5 12. g5 Nfd7 13. b3 Be7 14. f4 Nc6 15. Ncb5 axb5 16. Nxc6 Bxc6 17. cxb5 Bb7 18. Bb2 Rg8 19. Qh5 Nf8 20. Bf6 gxf6 21. gxf6 Ng6 22. fxe7 Nxe7 23. Qh4 Bc8 1-0

[Event "Valera FVA 82nd Anniv"]
[Site "Valera"]
[Date "2017.12.14"]
[Round "3"]
[White "Herize Godoy, Miguel Andres"]
[Black "Pineda Rivera, Lismay Valentina"]
[Result "1-0"]
[WhiteElo "1996"]
[BlackElo "1552"]
[PlyCount "69"]
[EventDate "2017.12.13"]
[EventType "swiss"]
[EventRounds "7"]
[EventCountry "VEN"]
[SourceTitle "CBM 182 Extra"]
[Source "ChessBase"]
[SourceDate "2018.02.23"]
[SourceVersion "1"]
[SourceVersionDate "2018.02.23"]
[SourceQuality "1"]

1. e4 c5 2. Nf3 d6 3. d4 cxd4 4. Nxd4 Nf6 5. Nc3 a6 6. a4 e5 7. Nf3 h6 8. Bc4 Be6 9. Qe2 Qc7 10. Bb3 Nbd7 11. 0-0 Nb6 12. Bxe6 fxe6 13. Nh4 Qf7 14. Be3 Nbd7 15. Rad1 g5 16. Nf3 Be7 17. Qc4 g4 18. Ne1 Nh5 19. Qc7 b6 20. Qb7 Rb8 21. Qxa6 Nf4 22. Nb5 g3 23. Bxf4 Qh5 24. Nc7+ Kf7 25. Nf3 gxf2+ 26. Rxf2 exf4 27. Qc4 Nf8 28. Nb5 Rd8 29. Qd4 Ng6 30. Qxb6 Nh4 31. Nxd6+ Kg8 32. Rd3 Nxf3+ 33. gxf3 Qe5 34. Nc4 Qg5+ 35. Rg2 1-0

[Event "Caracas FVA 80th Ann"]
[Site "Caracas"]
[Date "2015.12.17"]
[Round "3"]
[White "Herize Godoy, Miguel Andres"]
[Black "Avila Bravo, Cesar Jesus"]
[Result "1-0"]
[WhiteElo "1933"]
[BlackElo "1726"]
[PlyCount "71"]
[EventDate "2015.12.16"]
[EventType "swiss"]
[EventRounds "8"]
[EventCountry "VEN"]
[SourceTitle "EXT 2018"]
[Source "ChessBase"]
[SourceDate "2017.10.13"]
[SourceVersion "1"]
[SourceVersionDate "2017.10.13"]
[SourceQuality "1"]

1. e4 c5 2. Nf3 d6 3. d4 cxd4 4. Nxd4 Nf6 5. Nc3 a6 6. a4 e6 7. Be2 Be7 8. Be3 Nc6 9. Nb3 b6 10. f4 Bb7 11. Bf3 Qc7 12. 0-0 Rd8 13. Qe1 Nb4 14. Qf2 Nd7 15. Rad1 b5 16. axb5 axb5 17. Nd4 Bc6 18. Ndxb5 Bxb5 19. Nxb5 Qxc2 20. Nxd6+ Bxd6 21. Rxd6 Qxf2+ 22. Rxf2 Nb8 23. Rfd2 Rxd6 24. Rxd6 0-0 25. Bc5 N8c6 26. e5 Rc8 27. Bxc6 Nxc6 28. b4 g5 29. g3 gxf4 30. gxf4 Ne7 31. Kf2 Nd5 32. Rxd5 exd5 33. Ke3 f5 34. Kd4 Kf7 35. Kxd5 Rd8+ 36. Bd6 1-0

[Event "Valera op 31th"]
[Site "Valera"]
[Date "2012.11.08"]
[Round "2"]
[White "Herize Godoy, Miguel Andres"]
[Black "Ledezma Borregales, Daniel Jose"]
[Result "1-0"]
[WhiteElo "1716"]
[BlackElo "2076"]
[PlyCount "59"]
[EventDate "2012.11.08"]
[EventType "swiss"]
[EventRounds "7"]
[EventCountry "VEN"]
[SourceTitle "EXT 2022"]
[Source "ChessBase"]
[SourceDate "2021.10.06"]
[SourceVersion "1"]
[SourceVersionDate "2021.10.06"]
[SourceQuality "1"]

1. e4 c5 2. Nf3 d6 3. d4 cxd4 4. Nxd4 Nf6 5. Nc3 g6 6. Be3 Bg7 7. f3 0-0 8. Qd2 Nc6 9. Bc4 Bd7 10. g4 Rc8 11. Bb3 Ne5 12. 0-0-0 Nc4 13. Bxc4 Rxc4 14. Kb1 b5 15. h4 b4 16. Nce2 Qc7 17. Bh6 Rc8 18. Bxg7 Kxg7 19. h5 e5 20. hxg6 fxg6 21. Nf5+ gxf5 22. Qg5+ Kf7 23. Rh6 Rf8 24. Rxf6+ Ke8 25. Rfxd6 Rf7 26. Qg8+ Rf8 27. Qxh7 Bc8 28. Qg6+ Rf7 29. Qg8+ Ke7 30. Qg5+ 1-0